[Event "Match"]
[Site "www.echecsemail.com"]
[Date "2015.07.20"]
[Round "1"]
[White "Harrytheking"]
[Black "Jafarhayder"]
[WhiteElo "1810"]
[BlackElo "1550"]
[Result "0-1"]
[Round "1"]
1.c4 c6
2.Nb1c3 d5
3.e3 Bc8f5
4.c5 Nb8d7
5.d4 Ng8f6
6.h3 e5
7.Bf1e2 e4
8.Be2g4 Bf5e6
9.Bg4xe6 fxe6
10.Ng1e2 a5
11.O-O e5
12.a4 Bf8e7
13.b3 O-O
14.dxe5 Nd7xe5
15.Ne2d4 Qd8d7
16.Bc1d2 Be7xc5
17.Qd1e2 Ne5d3
18.Nc3d1 Qd7e7
19.f4 Nf6e8
20.Nd1f2 Nd3xf2
21.Rf1xf2 Ne8d6
22.Qe2g4 Bc5xd4
23.exd4 Qe7f6
24.Bd2c3 Nd6f5
25.g3 Rf8e8
26.b4 axb4
27.Bc3xb4 Qf6xd4
28.Ra1b1 Qd4d3
29.Qg4xf5 Qd3xb1
30.Rf2f1 Qb1xb4
31.h4 e3
32.Rf1b1 e2
33.Rb1xb4 e1Q
{ resign }
0-1

[Event "Match"]
[Site "www.echecsemail.com"]
[Date "2015.07.20"]
[Round "1"]
[White "Generalfree"]
[Black "Attatroll"]
[WhiteElo "1730"]
[BlackElo "1860"]
[Result "1-0"]
[Round "1"]
1.d4 d5
2.Ng1f3 c5
3.dxc5 Nb8c6
4.h3 Ng8f6
5.Bc1d2 e6
6.b4 Bc8d7
7.e3 Bf8e7
8.Bf1d3 O-O
9.a3 a5
10.b5 Nc6a7
11.b6 Na7c6
12.c4 dxc4
13.Bd3xc4 Be7xc5
14.Nb1c3 Bc5xb6
15.Nc3b5 Nc6e7
16.Nb5d6 Bd7c6
17.Nd6xf7 Rf8xf7
18.Bc4xe6 Bc6e8
19.Be6xf7 Be8xf7
20.Qd1b1 Bf7g6
21.Qb1b3 Kh8
22.Nf3e5 Nf6e4
23.Ra1d1 Qd8d6
24.Bd2c3 Qd6c5
25.Bc3d4 Qc5c7
26.Qb3xb6 Qc7xb6
27.Bd4xb6 Ne4c3
28.Rd1d7 Ne7c6
29.Ne5xc6 bxc6
30.Bb6xa5 Nc3b5
31.a4 Nb5a3
32.Ba5c3 Ra8g8
33.O-O Na3c4
34.Rf1d1 h5
35.Rd7c7 Bg6e4
36.Rd1d4 Be4d5
37.e4 { resign }
1-0

[Event "Match"]
[Site "www.echecsemail.com"]
[Date "2015.07.20"]
[Round "1"]
[White "Expert"]
[Black "Hundegana"]
[WhiteElo "1680"]
[BlackElo "1910"]
[Result "1/2-1/2"]
[Round "1"]
1.c4 g6
2.Nb1c3 Bf8g7
3.d4 Ng8f6
4.e4 d6
5.h3 a6
6.Bf1e2 O-O
7.Bc1e3 Kh8
8.Ng1f3 Nb8d7
9.O-O b6
10.Qd1c2 Rf8e8
11.Rf1e1 Bc8b7
12.Be2d3 e5
13.dxe5 Nd7xe5
14.Nf3xe5 dxe5
15.Nc3d5 Bb7xd5
16.cxd5 h6
17.Ra1c1 Ra8c8
18.Qc2d2 b5
19.Rc1c6 Rc8a8
20.Re1c1 Ra8c8
21.Rc6xa6 Rc8b8
22.b4 g5
23.Be3c5 Bg7f8
24.Qd2c2 Bf8xc5
25.Qc2xc5 Kg7
26.Qc5xc7 Qd8xc7
27.Rc1xc7 Re8c8
28.Rc7xc8 Rb8xc8
29.Ra6c6 Rc8a8
30.f3 Ra8xa2
31.Bd3xb5 Ra2b2
32.Rc6c4 Rb2d2
33.Bb5c6 Kf8
34.b5 Ke7
35.Rc4b4 Nf6d7
36.Bc6xd7 Kxd7
37.b6 Kc8
38.b7 Kb8
39.Kf1 h5
40.Ke1 Rd2xg2
41.d6 Rg2g1
42.Kd2 Rg1g2
43.Ke3 Rg2g1
44.Kd2 Rg1g2
45.Ke3 Rg2g1
46.Kd2 Rg1g2
47.Kc3 Rg2g1
48.Kc2 Rg1g2
49.Kc3 Rg2g1
50.Kc2 Rg1g2
51.Kc3 Rg2g1
52.Rb4b5 f6
53.d7 Rg1d1

1/2-1/2

[Event "Match"]
[Site "www.echecsemail.com"]
[Date "2015.07.20"]
[Round "1"]
[White "Coraza"]
[Black "Bbking"]
[WhiteElo "1649"]
[BlackElo "1480"]
[Result "1-0"]
[Round "1"]
1.e4 e5
2.Ng1f3 Nb8c6
3.Bf1c4 Bf8c5
4.O-O Ng8f6
5.Nf3g5 O-O
6.c3 d5
7.exd5 Nf6xd5
8.d3 f6
9.Ng5e4 a6
10.Ne4xc5 b6
11.Nc5e4 Bc8f5
12.Ne4g3 Bf5e6
13.Bc4xd5  { time }
1-0

[Event "Match"]
[Site "www.echecsemail.com"]
[Date "2015.07.20"]
[Round "1"]
[White "Nimzo"]
[Black "Micheles"]
[WhiteElo "2690"]
[BlackElo "2560"]
[Result "1-0"]
[Round "1"]
1.d4 Ng8f6
2.c4 g6
3.f3 c5
4.d5 d6
5.e4 Bf8g7
6.Ng1e2 O-O
7.Ne2c3 e6
8.Bc1g5 h6
9.Bg5e3 exd5
10.cxd5 a6
11.a4 Nb8d7
12.Bf1e2 Nf6h5
13.O-O g5
14.g3 Qd8e7
15.f4 gxf4
16.gxf4 Nh5f6
17.Qd1d3 h5
18.Nb1d2 Nf6g4
19.e5 Ng4xe3
20.Qd3xe3 dxe5
21.f5 Qe7h4
22.Nc3e4 Nd7f6
23.Ne4xf6 Qh4xf6
24.Nd2e4 Qf6h6
25.Qe3f2 b6
26.Ra1a3 { resign }
1-0

[Event "Match"]
[Site "www.echecsemail.com"]
[Date "2015.07.20"]
[Round "1"]
[White "Culiflori"]
[Black "Hundegana"]
[WhiteElo "999"]
[BlackElo "1950"]
[Result "1-0"]
[Round "1"]
1.e4 d6
2.d4 c5
3.Ng1f3 h6
4.Bf1b5 Bc8d7
5.Bb5xd7 Nb8xd7
6.Nb1c3 a6
7.Bc1e3 e6
8.O-O Bf8e7
9.Rf1e1 Ng8f6
10.h3 b5
11.e5 Nf6d5
12.Nc3xd5 exd5
13.exd6 Be7f6
14.dxc5 Bf6xb2
15.Be3d4 Kf8
16.Bd4xb2 Nd7xc5
17.Qd1xd5 Nc5e6
18.Bb2a3 Kg8
19.d7 Kh7
20.Nf3e5 Qd8f6
21.Ba3b2 Qf6e7
22.Ne5xf7 Qe7xf7
23.Qd5xe6 Qf7xe6
24.Re1xe6 Rh8d8
25.Re6e7 Rd8g8
26.Ra1e1 Ra8d8
27.Bb2d4 Rd8b8
28.Re7e8 a5
29.Re8xb8 Rg8xb8
30.Re1e8 { resign }
1-0

[Event "Match"]
[Site "www.echecsemail.com"]
[Date "2015.07.20"]
[Round "1"]
[White "Culiflori"]
[Black "Gaspard"]
[WhiteElo "999"]
[BlackElo "1860"]
[Result "1-0"]
[Round "1"]
1.e4 e5
2.Ng1f3 Ng8f6
3.Nf3xe5 Qd8e7
4.d4 d6
5.Ne5f3 Qe7xe4
6.Bf1e2 Bc8f5
7.c3 Bf8e7
8.O-O O-O
9.Rf1e1 Rf8e8
10.Be2b5 Qe4g4
11.Bb5xe8 Nf6xe8
12.Re1xe7 Nb8c6
13.Re7e1 Qg4g6
14.Nb1d2 Qg6h5
15.Nd2e4 Bf5xe4
16.Re1xe4 Ne8f6
17.Re4e1 Nc6d8
18.Bc1g5 Nd8e6
19.Bg5xf6 gxf6
20.Qd1d3 Ne6f4
21.Qd3e3 Qh5g4
22.g3 Nf4d5
23.Qe3e4 Qg4xe4
24.Re1xe4 f5
25.Re4e2 Kg7
26.Ra1e1 a5
27.Re2e8 Ra8a6
28.a3 Ra6b6
29.c4 Nd5f6
30.Re8e7 c6
31.Re1e2 Rb6b3
{ time. }
1-0

[Event "Match"]
[Site "www.echecsemail.com"]
[Date "2015.07.20"]
[Round "1"]
[White "Truquine"]
[Black "Oxycontin"]
[WhiteElo "1879"]
[BlackElo "2070"]
[Result "0-1"]
[Round "1"]
1.d4 Ng8f6
2.c4 e6
3.Ng1f3 Bf8b4
4.Bc1d2 Qd8e7
5.g3 Bb4xd2
6.Nb1xd2 b6
7.Bf1g2 { time. }
0-1

[Event "Match"]
[Site "www.echecsemail.com"]
[Date "2015.07.20"]
[Round "1"]
[White "Ericleo1980"]
[Black "Generalfree"]
[WhiteElo "1809"]
[BlackElo "1780"]
[Result "1-0"]
[Round "1"]
1.e4 c6
2.d4 d5
3.Nb1c3 dxe4
4.Nc3xe4 g6
5.Bf1c4 Bf8g7
6.Bc1e3 Ng8f6
7.Ne4xf6 Bg7xf6
8.Qd1d2 Bc8f5
9.f3 b5
10.Bc4b3 a5
11.c3 a4
12.Bb3c2 Bf5e6
13.Be3h6 Qd8d5
14.Bc2e4 Qd5c4
15.Ng1e2 Ra8a7
16.Ne2f4 g5
17.Be4d3 { resign }
1-0

[Event "Match"]
[Site "www.echecsemail.com"]
[Date "2015.07.20"]
[Round "1"]
[White "Culiflori"]
[Black "Derik"]
[WhiteElo "999"]
[BlackElo "1440"]
[Result "1-0"]
[Round "1"]
1.e4 e6
2.d4 d5
3.Nb1c3 c5
4.Ng1f3 c4
5.Bc1f4 Nb8c6
6.Bf1e2 Ng8e7
7.O-O g6
8.Rf1e1 Bf8g7
9.exd5 exd5
10.Bf4g5 O-O
11.Be2f1 h6
12.Bg5xe7 Nc6xe7
13.h3  { time }
1-0

[Event "Match"]
[Site "www.echecsemail.com"]
[Date "2015.07.20"]
[Round "1"]
[White "Generalfree"]
[Black "Guidom"]
[WhiteElo "1780"]
[BlackElo "2070"]
[Result "0-1"]
[Round "1"]
1.d4 d5
2.Nb1c3 c6
3.f3 Bc8f5
4.e4 dxe4
5.fxe4 Bf5g6
6.Bc1g5 Ng8f6
7.e5 Nf6d5
8.Nc3xd5 Qd8xd5
9.c3 h6
10.Bg5h4 Qd5e4
11.Ng1e2 Qe4xh4
12.g3 Qh4e4
13.Rh1g1 Bg6h5
14.Bf1g2 Qe4e3
15.Qd1c2 Bh5xe2
{ resign }
0-1

[Event "Match"]
[Site "www.echecsemail.com"]
[Date "2015.07.20"]
[Round "1"]
[White "Azulmarino"]
[Black "Sagara1977"]
[WhiteElo "1570"]
[BlackElo "1650"]
[Result "0-1"]
[Round "1"]
1.e4 e5
2.Ng1f3 Qd8f6
3.Bf1c4 Bf8c5
4.d3 Ng8h6
5.h3 g5
6.Bc1xg5 Qf6g6
7.Qd1d2 f6
8.Bg5xh6 Qg6xg2
9.Rh1g1 Qg2xf3
10.Rg1f1 Rh8g8
11.Bc4xg8 Qf3xh3
12.Bh6g7 d6
13.Bg7xf6 Qh3g2
14.Bg8xh7 Bc8h3
15.Qd2e2 Kd7
16.Nb1c3 Nb8c6
17.O-O-O Nc6d4
18.Qe2h5 Ra8f8
19.Rf1g1 Qg2xf2
20.Qh5xh3 Kc6
21.Rg1g2 Qf2xf6
22.Bh7g8 b5
23.Bg8d5 Kb6
24.Nc3e2 Nd4xe2
25.Rg2xe2 Qf6f4
26.Rd1d2 Qf4g5
27.c3 b4
28.c4 Rf8f6
29.Kc2 c6
30.Qh3c8 cxd5
31.exd5 Ka5
32.Qc8b7 a6
33.Kb3 Bc5b6
34.Qb7c6 Bb6c5
35.a3 bxa3
36.Rd2d1 Qg5g4
37.Re2d2 axb2
38.Rd1b1 Rf6f8
39.Rd2xb2 Rf8b8
40.Kc2 Rb8xb2
41.Kxb2 Qg4e2
42.Kb3 Qe2xd3
43.Kb2 Qd3a3
44.Kc2 Qa3a2
45.Rb1b2 Qa2a4
46.Rb2b3 Qa4xc4
47.Kb2 Bc5d4
48.Ka2 Qc4e2
49.Ka3 Bd4c5
50.Rb3b4 Bc5xb4
51.Kb3 Qe2d3
52.Kb2 Bb4a3
53.Ka2 Qd3b5
54.Qc6c7 Qb5b6
55.Qc7c3 Ba3b4
56.Qc3b3 Qb6f2
57.Kb1 e4
58.Qb3a2 Qf2xa2
59.Kxa2 e3
{ resign }
0-1

[Event "Match"]
[Site "www.echecsemail.com"]
[Date "2015.07.20"]
[Round "1"]
[White "F14"]
[Black "Karlgrocer"]
[WhiteElo "1840"]
[BlackElo "1900"]
[Result "0-1"]
[Round "1"]
1.d4 Ng8f6
2.c4 e6
3.Nb1c3 Bf8e7
4.e4 O-O
5.Ng1f3 c5
6.d5 exd5
7.exd5 d6
8.Bf1e2 a6
9.O-O Nb8d7
10.Be2d3 Nf6g4
11.Bd3f5 Ng4f6
12.Bc1g5 Nf6xd5
13.Nc3xd5 Be7xg5
14.Qd1c2 g6
15.Bf5xd7 Bc8xd7
16.Nf3xg5 Qd8xg5
17.b3 Bd7h3
{ resign }
0-1

[Event "Match"]
[Site "www.echecsemail.com"]
[Date "2015.07.20"]
[Round "1"]
[White "F14"]
[Black "Billyg"]
[WhiteElo "1840"]
[BlackElo "1560"]
[Result "0-1"]
[Round "1"]
1.e4 e5
2.Ng1f3 d5
3.Nf3xe5 Ng8h6
4.Qd1f3 Qd8e7
5.d4 f6
6.Ne5d3 dxe4
7.Qf3h5 g6
8.Qh5e2 exd3
9.Qe2xe7 Bf8xe7
10.Bf1xd3 Bc8f5
11.Bd3xf5 Nh6xf5
12.c3 Nb8d7
13.O-O O-O-O
14.Bc1f4 g5
15.Bf4e3 c5
16.Nb1d2 Rh8e8
17.Nd2b3 Be7f8
18.Be3d2 b6
19.dxc5 bxc5
20.h3 Nd7e5
21.Rf1d1 Rd8d5
22.Bd2e1 Rd5xd1
23.Ra1xd1 c4
24.Nb3d4 Re8d8
25.Rd1d2 Nf5xd4
26.cxd4 Ne5d3
27.b3 Nd3xe1
28.Kf1 Rd8e8
29.bxc4 Bf8b4
30.Rd2e2 Re8xe2
 { time }
0-1

[Event "Match"]
[Site "www.echecsemail.com"]
[Date "2015.07.20"]
[Round "1"]
[White "Mdesouza"]
[Black "Gimmyg"]
[WhiteElo "2200"]
[BlackElo "2170"]
[Result "0-1"]
[Round "1"]
1.e4 Nb8c6
2.Ng1f3 f5
3.e5 d6
4.exd6 cxd6
5.d4 Ng8f6
6.c4 Qd8a5
7.Nb1c3 Nf6e4
8.Bc1d2 Ne4xd2
9.Qd1xd2 e5
10.d5 Nc6d8
11.Bf1e2 Bf8e7
12.O-O O-O
13.Ra1e1 Nd8f7
14.Be2d1 Bc8d7
15.b3 Qa5c5
16.Bd1c2 e4
17.Nf3d4 Be7g5
18.Qd2d1 Ra8e8
19.Kh1 Qc5a5
20.Nd4e2 Re8e7
21.Bc2b1 Nf7e5
22.Qd1c2 Ne5d3
23.Re1d1 Qa5c5
24.Ne2g3 g6
25.f3 Bg5e3
26.Ng3xe4 fxe4
27.Nc3xe4 Re7xe4
28.Qc2xd3 Re4e7
29.Rf1e1 Rf8e8
30.Qd3e2 b5
31.Bb1e4 Be3h6
32.g3 bxc4
33.Qe2xc4 Qc5xc4
34.bxc4 Bd7a4
35.Rd1b1 Ba4c2
36.Rb1b2 Bc2xe4
37.fxe4 Re7xe4
38.Re1xe4 Re8xe4
39.Rb2c2 Re4e1
40.Kg2 Re1c1
41.Rc2xc1 Bh6xc1
42.Kf3 Kg7
43.Ke4 Bc1a3
44.Kf4 Kf6
45.h4 Ba3c1
46.Ke4 h5
47.a4 Bc1d2
48.Kd4 Kf5
49.c5 dxc5
50.Kxc5 Bd2e3
51.Kc6 Be3f2
52.d6 Bf2xg3
{ resign }
0-1

[Event "Match"]
[Site "www.echecsemail.com"]
[Date "2015.07.20"]
[Round "1"]
[White "Samael"]
[Black "Expert"]
[WhiteElo "2120"]
[BlackElo "1680"]
[Result "1-0"]
[Round "1"]
1.e4 g6
2.d3 Bf8g7
3.Nb1c3 d6
4.Bc1d2 e5
5.Ng1f3 Ng8e7
6.Bf1e2 Nb8c6
7.O-O O-O
8.h3 a6
9.a3 d5
10.exd5 Ne7xd5
11.Nc3xd5 Qd8xd5
12.Rf1e1 Nc6d4
13.Nf3xd4 exd4
14.Be2f3 Qd5d8
15.Qd1c1 c6
16.Bd2h6 Rf8e8
17.Bh6xg7 Kxg7
18.Qc1d2 Re8xe1
19.Ra1xe1 Bc8e6
20.Qd2b4 Qd8d7
21.Re1e4 Ra8d8
22.Re4e5 Qd7d6
23.Qb4xd6 Rd8xd6
24.Re5e4 b5
25.b3 c5
26.Re4e5 c4
27.bxc4 bxc4
28.Re5c5 cxd3
29.cxd3 Be6f5
30.Bf3e2 Rd6b6
31.g4 Bf5e6
32.f3 Rb6b2
33.Kf2 Rb2b5
34.Rc5xb5 axb5
35.Kg3 g5
36.f4 h6
37.Be2f3 Be6d7
38.Bf3d5 Kf6
39.Kf3 gxf4
40.Kxf4 h5
41.g5  { time }
1-0

[Event "Match"]
[Site "www.echecsemail.com"]
[Date "2015.07.20"]
[Round "1"]
[White "Gegonz"]
[Black "Stevep84"]
[WhiteElo "1970"]
[BlackElo "2130"]
[Result "0-1"]
[Round "1"]
1.c4 e5
2.Nb1c3 Bf8b4
3.Qd1c2 Ng8f6
4.Ng1f3 Bb4xc3
5.Qc2xc3 d6
6.d3 b6
7.e3 Bc8b7
8.Bf1e2 O-O
9.O-O c5
10.b4 Qd8c7
11.bxc5 bxc5
12.Bc1b2 Nb8d7
13.Nf3d2 Nd7b6
14.Be2d1 Rf8b8
15.Bd1f3 Bb7xf3
16.Nd2xf3 Nb6a4
{ resign }
0-1

[Event "Match"]
[Site "www.echecsemail.com"]
[Date "2015.07.20"]
[Round "1"]
[White "Ditto"]
[Black "Orae"]
[WhiteElo "1820"]
[BlackElo "1969"]
[Result "0-1"]
[Round "1"]
1.d4 d5
2.Ng1f3 Nb8c6
3.Bc1f4 Bc8f5
4.e3 Nc6b4
5.Bf1b5 c6
6.Bb5a4 Qd8a5
7.c3 Nb4d3
8.Kf1 Nd3xb2
9.Qd1b3 Qa5a6
10.Kg1 Nb2xa4
11.Nb1d2 f6
12.h3 b5
13.Nf3h4 g6
14.Nh4xf5 gxf5
15.Qb3c2 { time. }
0-1

[Event "Match"]
[Site "www.echecsemail.com"]
[Date "2015.07.20"]
[Round "1"]
[White "Ericleo1980"]
[Black "Pellix84"]
[WhiteElo "1809"]
[BlackElo "1930"]
[Result "1-0"]
[Round "1"]
1.e4 c6
2.d4 d5
3.Nb1c3 dxe4
4.Nc3xe4 Bc8f5
5.Ne4g3 Bf5g6
6.h4 h6
7.Ng1f3 Nb8d7
8.h5 Bg6h7
9.Bf1d3 Ng8f6
10.Bd3xh7 Nf6xh7
11.Bc1f4 e6
12.Qd1d2 a5
13.Ng3e4 Nd7b6
14.Nf3e5 Nb6d5
15.Bf4g3 Bf8e7
16.f4 O-O
17.O-O-O Qd8c7
18.c4 Be7b4
19.Qd2e2 Rf8c8
20.cxd5 cxd5
21.Kb1 dxe4
22.Qe2xe4 Qc7b6
23.Rd1c1 Bb4c3
24.Qe4c2 Bc3xd4
25.Qc2xc8 Ra8xc8
26.Rc1xc8 Nh7f8
27.Rc8xf8 Kh7
28.b3 Qb6d6
29.Rf8h8 { resign }
1-0

[Event "Match"]
[Site "www.echecsemail.com"]
[Date "2015.07.20"]
[Round "1"]
[White "Raulazo"]
[Black "Pellix84"]
[WhiteElo "1889"]
[BlackElo "1930"]
[Result "1-0"]
[Round "1"]
1.e4 c6
2.Ng1f3 d5
3.d4 Bc8g4
4.e5 e6
5.h3 Bg4xf3
6.Qd1xf3 Qd8b6
7.c3 Nb8d7
8.Bf1d3 c5
9.Nb1d2 cxd4
10.Qf3f4 dxc3
11.bxc3 Ra8c8
12.Ra1b1 Qb6a5
13.a3 Rc8xc3
14.Bd3b5 Ng8e7
15.Bb5xd7 Kxd7
16.Rb1xb7 Kc8
17.Rb7b1 Ne7f5
18.O-O Bf8e7
19.Bc1b2 Rc3d3
20.Rf1c1 Kd7
21.Nd2f1 g5
22.Qf4g4 h5
23.Qg4e2 Rd3b3
24.Qe2c2 Rb3b7
25.Qc2c6 { resign }
1-0

[Event "Match"]
[Site "www.echecsemail.com"]
[Date "2015.07.20"]
[Round "1"]
[White "Harrytheking"]
[Black "Carazo"]
[WhiteElo "1770"]
[BlackElo "1599"]
[Result "0-1"]
[Round "1"]
1.c4 e5
2.Nb1c3 Bf8c5
3.Nc3e4 Bc5b6
4.c5 d5
5.cxb6 dxe4
6.bxc7 Qd8xc7
7.Qd1a4 Bc8d7
8.Qa4xe4 Ng8f6
9.Qe4b4 Nb8a6
10.Qb4h4 Ra8c8
11.e3 e4
12.d3 Na6b4
13.Kd2 Qc7c2
14.Ke1 Nb4xd3
15.Bf1xd3 Qc2xd3
16.Ng1e2 Rc8d8
17.Ne2f4 Qd3d6
18.Bc1d2 Bd7b5
19.Ra1d1 Bb5d3
20.Nf4xd3 Qd6xd3
21.Qh4f4 O-O
22.b4 Nf6d5
23.Qf4g3 Nd5c3
24.Rd1a1 Qd3xd2
25.Kf1 Qd2e2
26.Kg1 Rd8d1
27.Ra1xd1 Qe2xd1

0-1

[Event "Match"]
[Site "www.echecsemail.com"]
[Date "2015.07.20"]
[Round "1"]
[White "Pinehill"]
[Black "Chessexpert"]
[WhiteElo "1810"]
[BlackElo "1620"]
[Result "1-0"]
[Round "1"]
1.e4 Ng8f6
2.Nb1c3 e5
3.Bf1c4 Nb8c6
4.Ng1f3 Bf8e7
5.O-O d6
6.d4 Bc8g4
7.Bc1e3 Bg4xf3
8.Qd1xf3 exd4
9.Be3d2 Nc6e5
10.Qf3e2 dxc3
11.Bd2xc3 O-O
12.Bc4b3 c5
13.Ra1d1 Qd8c7
14.f4 Ne5c6
{ time. }
1-0

[Event "Match"]
[Site "www.echecsemail.com"]
[Date "2015.07.20"]
[Round "1"]
[White "Harrytheking"]
[Black "Cristiano"]
[WhiteElo "1770"]
[BlackElo "2150"]
[Result "1-0"]
[Round "1"]
1.c4 e5
2.e4 Ng8f6
3.Nb1c3 a6
4.Ng1f3 Nb8c6
5.a3 d6
6.h3 Bf8e7
7.d3 h6
8.Bf1e2 Bc8d7
9.Nc3d5 Ra8b8
10.Nd5xe7 Qd8xe7
11.Bc1e3 b5
12.cxb5 axb5
13.b4 { resign }
1-0

[Event "Match"]
[Site "www.echecsemail.com"]
[Date "2015.07.20"]
[Round "1"]
[White "Supernovae"]
[Black "Azorau"]
[WhiteElo "1970"]
[BlackElo "1529"]
[Result "0-1"]
[Round "1"]
1.c4 e5
2.Nb1c3 Ng8f6
3.Ng1f3 Nb8c6
4.g3 Bf8c5
5.Bf1g2 Bc5xf2
6.Kxf2 Nf6g4
7.Kf1 Nc6b4
8.d4 exd4
9.Nf3xd4 Qd8f6
10.Nd4f3 Qf6b6
11.Qd1d4 Qb6g6
12.Qd4e4 Qg6xe4
13.Nc3xe4 O-O
14.Nf3d4 Rf8e8
15.a3 Nb4c6
16.Nd4xc6 bxc6
17.Bc1f4 d6
18.Ra1d1 Ra8b8
19.b4 Bc8f5
20.Ne4g5 h6
21.Ng5f3 Re8e7
22.Nf3d4 Ng4e3
 { time }
0-1

[Event "Match"]
[Site "www.echecsemail.com"]
[Date "2015.07.20"]
[Round "1"]
[White "Generalfree"]
[Black "Maredocla"]
[WhiteElo "1800"]
[BlackElo "2080"]
[Result "0-1"]
[Round "1"]
1.d4 d5
2.Nb1c3 Ng8f6
3.f3 Bc8f5
4.Bc1g5 g6
5.Bg5xf6 exf6
6.e4 Bf5e6
7.exd5 Be6xd5
8.Nc3xd5 Qd8xd5
9.a3 Nb8c6
10.c4 Qd5xd4
11.Qd1xd4 Nc6xd4
12.O-O-O O-O-O
13.g4 Bf8h6
14.Kb1 Nd4b3
15.Rd1xd8 Rh8xd8
16.Bf1e2 Rd8d2
17.h4 Bh6e3
18.Be2f1 Rd2d1
19.Kc2 Rd1xf1
20.Kxb3 Rf1xg1
{ resign }
0-1

[Event "Match"]
[Site "www.echecsemail.com"]
[Date "2015.07.20"]
[Round "1"]
[White "Darko10"]
[Black "Witpar"]
[WhiteElo "2380"]
[BlackElo "2670"]
[Result "1/2-1/2"]
[Round "1"]
1.e4 e6
2.d4 d5
3.Nb1c3 Ng8f6
4.Bc1g5 Bf8e7
5.e5 Nf6d7
6.Bg5xe7 Qd8xe7
7.f4 O-O
8.Ng1f3 c5
9.Qd1d2 Nb8c6
10.O-O-O c4
11.h4 Ra8b8
12.Nc3b5 Nd7b6
13.h5 h6
14.g4 Qe7b4
15.Nb5c3 Nb6a4
16.Nc3xa4 Qb4xa4
17.Kb1 Bc8d7
18.g5 Nc6b4
19.a3 Qa4xc2
20.Qd2xc2 Nb4xc2
21.Kxc2 Bd7a4
22.Kd2 Ba4xd1
23.Kxd1 b5
24.Kc2 b4
25.a4 Kh7
26.Bf1e2 f5
27.exf6 gxf6
28.g6 Kg7
29.Rh1e1 b3
30.Kc3 f5
31.Nf3e5 Rb8b7
32.Be2f3 a5
33.Ne5f7 Rf8xf7
34.gxf7 Kxf7
35.Re1g1 Rb7b4
36.Rg1a1 Ke7
37.Bf3e2 Kf7
38.Be2f1 Rb4b8
39.Kd2 Rb8g8
40.Bf1e2 Rg8g3
41.Ra1c1 Ke7
42.Rc1h1 Kf6
{ draw }
1/2-1/2

[Event "Match"]
[Site "www.echecsemail.com"]
[Date "2015.07.20"]
[Round "1"]
[White "Gaspard"]
[Black "Azorau"]
[WhiteElo "1860"]
[BlackElo "1529"]
[Result "0-1"]
[Round "1"]
1.e4 e5
2.Ng1f3 Nb8c6
3.Bf1c4 h6
4.O-O Ng8f6
5.c3 Nf6xe4
6.Rf1e1 Ne4g5
7.Nf3xe5 Nc6xe5
8.Re1xe5 Bf8e7
9.d4 O-O
10.h4 { time. }
0-1

[Event "Match"]
[Site "www.echecsemail.com"]
[Date "2015.07.20"]
[Round "1"]
[White "Pinehill"]
[Black "Billyg"]
[WhiteElo "1820"]
[BlackElo "1560"]
[Result "1-0"]
[Round "1"]
1.e4 e6
2.Ng1f3 d5
3.exd5 exd5
4.d4 Nb8c6
5.Bf1b5 Qd8e7
6.Bc1e3 a6
7.Bb5xc6 bxc6
8.O-O f6
9.c4 dxc4
10.Rf1e1 Qe7d7
11.Nb1c3 Bf8b4
12.d5 cxd5
13.Be3c5 Ng8e7
14.Re1xe7 Qd7xe7
15.Bc5xe7 Bb4xe7
16.Qd1xd5 Ra8b8
17.Qd5xc4 c5
18.Ra1e1 Rb8xb2
19.Nc3d5 O-O
20.Nd5xe7 Kh8
21.Qc4xc5 Rf8d8
22.Ne7xc8 Rb2b5
23.Qc5e7 Rd8g8
24.Nc8d6 { resign }
1-0

[Event "Match"]
[Site "www.echecsemail.com"]
[Date "2015.07.20"]
[Round "1"]
[White "Delacey"]
[Black "Paco"]
[WhiteElo "1860"]
[BlackElo "1870"]
[Result "0-1"]
[Round "1"]
1.e4 e5
2.Ng1f3 Nb8c6
3.Bf1b5 Bf8d6
4.O-O a6
5.Bb5c4 Ng8f6
6.d3 Bd6c5
7.Bc1g5 h6
8.Bg5h4 g5
9.Nf3xg5 hxg5
10.Bh4xg5 d6
11.Qd1f3 Nc6d4
12.Qf3xf6 Qd8xf6
13.Bg5xf6 Rh8h6
14.Bf6g5 Rh6g6
15.Bg5h4 Bc8h3
16.Bh4g3 Bh3e6
17.Nb1a3 Kd7
18.Bc4xe6 Kxe6
19.c3 Nd4e2
20.Kh1 Ra8h8
21.Ra1e1 Ne2xg3
22.fxg3 Rg6xg3
23.d4 exd4
24.cxd4 Bc5xd4
25.Na3c4 b5
26.Nc4d2 Bd4xb2
27.Nd2f3 c5
28.Kg1 Rg3g6
29.e5 d5
30.h4 Rh8g8
31.Re1e2 Bb2a3
32.Nf3h2 d4
33.Re2f2 c4
34.Rf2xf7 Rg6xg2
35.Kh1 d3
36.Rf7f6 Kxe5
37.Rf6f5 Kd4
38.Nh2f3 Kc3
39.Nf3g5 Rg2xa2
40.Ng5e4 Kb3
41.Rf1d1 Rg8g4
42.h5 Rg4g2
43.Rf5g5 Rg2e2
44.Ne4f6 Ba3e7
45.h6 d2
46.h7 Re2e1
47.Rg5g1 Re1xg1
48.Kxg1 Be7xf6
49.Kf2 c3
{ resign }
0-1

[Event "Match"]
[Site "www.echecsemail.com"]
[Date "2015.07.20"]
[Round "1"]
[White "Masqu3"]
[Black "Culiflori"]
[WhiteElo "1340"]
[BlackElo "999"]
[Result "0-1"]
[Round "1"]
1.d4 Ng8f6
2.c4 e6
3.Nb1c3 Bf8b4
4.e3 d5
5.a3 Bb4xc3
6.bxc3 Nb8d7
7.Ng1f3 c5
8.dxc5 Nd7xc5
9.cxd5 Qd8a5
10.Bc1d2 Nc5e4
11.c4 Ne4xd2
 { time }
0-1

[Event "Match"]
[Site "www.echecsemail.com"]
[Date "2015.07.20"]
[Round "1"]
[White "Guidom"]
[Black "Fred59"]
[WhiteElo "2070"]
[BlackElo "999"]
[Result "1-0"]
[Round "1"]
1.e4 Ng8f6
2.Nb1c3 d5
3.e5 d4
4.exf6 dxc3
5.fxg7 cxd2
6.Qd1xd2 Qd8xd2
7.Bc1xd2 Bf8xg7
8.O-O-O Bc8g4
9.f3 Bg4f5
10.Bd2b4 Nb8c6
11.Bf1b5 Bf5d7
12.Bb5xc6 Bd7xc6
13.Ng1h3 a5
14.Bb4a3 b5
15.Ba3c5 e6
16.Rh1e1 Bc6d5
17.Rd1xd5 { resign }
1-0

[Event "Match"]
[Site "www.echecsemail.com"]
[Date "2015.07.20"]
[Round "1"]
[White "Fred59"]
[Black "Hundegana"]
[WhiteElo "999"]
[BlackElo "1950"]
[Result "0-1"]
[Round "1"]
1.d4 c5
2.d5 d6
3.c4 Bc8d7
4.e4 e5
5.dxe6 Bd7xe6
6.Ng1f3 h6
7.Bc1f4 Bf8e7
8.Bf1e2 Ng8f6
9.Nb1c3 O-O
10.O-O Nb8c6
 { time }
0-1

[Event "Match"]
[Site "www.echecsemail.com"]
[Date "2015.07.20"]
[Round "1"]
[White "Calponas"]
[Black "Colchester"]
[WhiteElo "2050"]
[BlackElo "2020"]
[Result "1-0"]
[Round "1"]
1.e4 c6
2.c4 d5
3.cxd5 cxd5
4.exd5 Ng8f6
5.Nb1c3 a6
6.Qd1b3 Nb8d7
7.Ng1f3 Nd7b6
8.Bf1c4 Nb6xc4
9.Qb3xc4 Bc8d7
10.O-O Ra8c8
11.Qc4d4 g6
12.d6 exd6
13.Rf1e1 Bd7e6
14.Nf3g5 Bf8g7
{ time. }
1-0

[Event "Match"]
[Site "www.echecsemail.com"]
[Date "2015.07.20"]
[Round "1"]
[White "Azorau"]
[Black "Billyg"]
[WhiteElo "1529"]
[BlackElo "1560"]
[Result "1-0"]
[Round "1"]
1.e4 e5
2.Ng1f3 d6
3.Bf1c4 Ng8f6
4.Nf3g5 d5
5.Bc4b5 c6
6.Bb5a4 b5
7.Ba4b3 Nf6xe4
8.Ng5xe4 dxe4
9.f3 e3
10.d3 h6
11.Bc1xe3 Bf8e7
12.Nb1c3 O-O
13.Qd1d2 Be7g5
14.O-O-O Bg5xe3
15.Qd2xe3 Qd8g5
16.Qe3xg5 hxg5
17.h4 gxh4
18.Rh1xh4 a5
19.Rd1h1 g6
20.Rh4h8 Kg7
21.Rh1h7 { resign }
1-0

[Event "Match"]
[Site "www.echecsemail.com"]
[Date "2015.07.20"]
[Round "1"]
[White "Cyrilgeorge"]
[Black "Castletyme"]
[WhiteElo "1780"]
[BlackElo "1840"]
[Result "1-0"]
[Round "1"]
1.e4 e6
2.d4 d5
3.e5 Nb8c6
4.Bf1b5 Bc8d7
5.Ng1e2 h6
6.c4 dxc4
7.Bb5xc4 Bf8b4
8.Bc1d2 Bb4xd2
9.Nb1xd2 Qd8e7
10.O-O O-O-O
11.a3 Nc6a5
12.b4 Na5xc4
13.Nd2xc4 Bd7b5
14.Ra1c1 Bb5xc4
15.Rc1xc4 f6
16.f4 fxe5
17.fxe5 Qe7g5
18.Ne2g3 Qg5e3
19.Kh1 Ng8e7
20.Rf1f7 Ne7d5
21.Rf7xg7 Rd8g8
22.Ng3h5 Rg8xg7
23.g3 Rg7g5
24.Nh5f6  { time }
1-0

[Event "Match"]
[Site "www.echecsemail.com"]
[Date "2015.07.20"]
[Round "1"]
[White "Nham"]
[Black "Oxycontin"]
[WhiteElo "2170"]
[BlackElo "2100"]
[Result "1-0"]
[Round "1"]
1.d4 d5
2.c4 e6
3.Ng1f3 c5
4.Nb1c3 Nb8c6
5.e3 Ng8f6
6.Bf1d3 cxd4
7.exd4 Bf8b4
8.Bc1g5 dxc4
9.Bd3xc4 Qd8a5
10.Bg5xf6 Bb4xc3
11.bxc3 Qa5xc3
12.Nf3d2 gxf6
13.O-O Nc6xd4
14.Ra1c1 Qc3a5
15.Nd2e4 Qa5d8
16.Qd1h5 Nd4f5
17.Rf1d1 Qd8e7
18.Bc4b5 Kf8
19.g4 Rh8g8
20.Kf1 Nf5g7
21.Qh5xh7 a6
22.Bb5e2 f5
23.Ne4d6 Bc8d7
24.Be2f3 Bd7b5
25.Nd6xb5 axb5
26.Rd1d2 fxg4
27.Bf3g2 f5
28.Rc1d1 Ng7e8
29.Qh7h6 Rg8g7
30.Rd2d7 Qe7g5
31.Qh6xe6 Rg7xd7
32.Qe6xd7 f4
33.Rd1d5 Qg5g7
34.Rd5f5 Kg8
35.Bg2d5 { resign }
1-0

[Event "Match"]
[Site "www.echecsemail.com"]
[Date "2015.07.20"]
[Round "1"]
[White "Orae"]
[Black "Gaspard"]
[WhiteElo "1969"]
[BlackElo "1860"]
[Result "1-0"]
[Round "1"]
1.e4 e5
2.Ng1f3 Nb8c6
3.Bf1c4 Ng8f6
4.Nf3g5 d5
5.exd5 Nf6xd5
6.Ng5xf7 Kxf7
7.Qd1f3 Ke6
8.Nb1c3 Nc6e7
9.O-O c6
10.d4 Ne7g6
11.Rf1e1 Bf8b4
12.Bc1f4 Rh8f8
13.Bc4xd5 cxd5
14.Qf3e3 Rf8xf4
15.Qe3h3 Kd6
16.Qh3xh7 Qd8f6
{ time. }
1-0

[Event "Match"]
[Site "www.echecsemail.com"]
[Date "2015.07.20"]
[Round "1"]
[White "Ericleo1980"]
[Black "Libiesse"]
[WhiteElo "1809"]
[BlackElo "2020"]
[Result "1-0"]
[Round "1"]
1.e4 c5
2.Ng1f3 e6
3.d4 cxd4
4.Nf3xd4 Ng8f6
5.Nb1c3 Bf8b4
6.Bf1d3 Nb8c6
7.Nd4e2 a6
8.Bc1g5 Qd8c7
9.Bg5xf6 gxf6
10.a3 Bb4a5
11.b4 Nc6xb4
12.axb4 Ba5xb4
13.Qd1d2 d5
14.exd5 exd5
15.O-O Rh8g8
16.Nc3xd5 { resign }
1-0